000 00561nam a2200181Ia 4500
003 IN-BaIIA
008 211028s9999 xx 000 0 eng d
040 _cIIA Library
080 _a539.1
_bBET
100 _aBethe, H. A
_92636
245 0 _aElementary nuclear theory
_ba short course on selected topics
_cH. A Bethe
260 _aNew York
_bJohn Wiley & Sons
_c1947
300 _avi, 147p.
650 _aNASA Thesaurus
650 _aNuclear interactions
_91888
650 _aNuclear physics
_91527
942 _cBK
999 _c1261
_d1261